Sudden Death Have These Players Scored 50 Points - Statistics

General Stats
  • This quiz has been taken 53 times
  • The average score is 4 of 10
Answers on the Grid
Answers color-coded by a green-red scale on the quiz's grid according to % correct below.
Russell Westbrook
Cam Thomas
Yao Ming
John Stockton
Klay Thompson
Chris Paul
Khris Middleton
Tyrese Haliburton
Trae Young
Domantas Sabonis
Isiah Thomas
Bradley Beal
Lauri Markkanen
John Wall
Tyrese Maxey
Kawhi Leonard
Jimmy Butler
LaMelo Ball
Serge Ibaka
Derrick White
 
Answer Stats
Answer % Correct
Russell Westbrook
84%
Klay Thompson
72%
Trae Young
50%
Bradley Beal
41%
Jimmy Butler
38%
Tyrese Maxey
31%
LaMelo Ball
28%
Khris Middleton
25%
John Wall
16%
Isiah Thomas
13%
No matching quizzes found
Score Distribution
Percent of People with Each Score
Percentile by Number Answered
Your Score History
You have not taken this quiz